| 000 | 00385nam a22001577a 4500 | ||
|---|---|---|---|
| 003 | OSt | ||
| 005 | 20240307095813.0 | ||
| 008 | 200220b xxu||||| |||| 00| 0 eng d | ||
| 020 | _a 978-8126113569 | ||
| 040 | _cIIMT UNIVERSITY | ||
| 100 | _aRAJAN, SUNDARA S | ||
| 245 | _aCELL AND MOLECULAR BIOLOGY | ||
| 260 |
_aNEW DELHI _bANMOL PUB. _c2007 |
||
| 300 | _a432 | ||
| 942 |
_2ddc _c02 |
||
| 999 |
_c49739 _d49739 |
||